000 02060nam a2200289 a 4500
001 BRCA_8734
005 20190320210401.0
008 220217s--------sp-#######---#000-0#spa-#
041 _aspa
044 _asp
084 _aBE90
_b.C47
100 1 _aCesena, Juan Angel de
_921738
245 1 0 _aCompendio de la rhetorica
_ben que se da un fácil, y utilisimo methodo de enseñar el Arte Oratoria: dividido en dos partes, en la primera de las quales se trata de la Invencion, y de la Disposicion : y en la segunda de la Elocucion, Pronunciacion, Accion, y Memoria : va añadido al fin un Tratado de las Controversias Oratorias que miran mas de cerca las Materias Legales, y una Breve Instruccion à un Predicador nuevo
_ccompuesto en italiano por el R.P. Fr. Juan Angel de Cesena ... ; y traducido en español por Fr. Raymundo Joseph Rebollida ...
250 _a2a ed.
260 _aMadrid
_bEn la Imprenta de Carlos Gibert, y Tutó
300 _a[18], 590 p. (t.1)
_c20.8 x 15.5 cm
500 _aCon las licencias necesarias.
500 _aCon marca de fuego: “Procedencia de la marca: Convento de San Francisco de Querétaro(1). Institución: Orden de Frailes Menores. Provincia de San Pedro y San Pablo de Michoacán. Descripción: Monograma: Letras iniciales S[an] F[rancisco] D[e] Q[uerétar]o. Observaciones: David Saavedra la asigna a la Academia de Dibujo de San Fernando de Querétaro; Carlos Krausse al Colegio de Propaganda Fide de San Fernando de México. Ubicación de la marca en el libro: Canto superior, inferior y frontal”
500 _aEstado físico: presenta encuadernación en pergamino con lomo semi desprendido y cintas rotas
650 1 4 _aRetórica
_yObras anteriores a 1800
_921739
650 1 4 _aOratoria
_yObras anteriores a 1800
_921740
700 1 _aRebodilla, Raymundo Joseph
_etr.
_921741
700 1 _aGibert y Tutó, Carlos
_eImpresor
_921742
856 _ahttp://www.marcasdefuego.buap.mx:8180/xmLibris/projects/firebrand/item.jsp?repository=marcas_de_fuego&key=6faee58a.xml&num=15
902 _aCFM
942 _2lcc
_cB
999 _c8386
_d8386